Constituciones políticas modernas /
El documento consiste en una compilación de diversas constituciones políticas, entre las que se encuentran la de Cuba, Alemania Occidental, Rusia, España y China Popular.
Сохранить в:
| Главный автор: | |
|---|---|
| Соавтор: | |
| Формат: | Текст |
| Язык: | Spanish |
| Опубликовано: |
Costa Rica:
Universidad de Costa Rica
1979
|
| Предметы: | |
| Метки: |
Добавить метку
Нет меток, Требуется 1-ая метка записи!
|
MARC
| LEADER | 00000 a a2200000 04500 | ||
|---|---|---|---|
| 001 | 25335 | ||
| 003 | cru CIDCACS/IIS | ||
| 005 | 20230704082655.0 | ||
| 008 | 170213b xxu||||| |||| 00| 0 spa d | ||
| 040 | |c CIDCACS/IIS | ||
| 090 | |a 04.03.01 R763c | ||
| 100 | 1 | |9 5820 |a Romero Pérez, Jorge Enrique |e Compilador | |
| 110 | |a Instituto de Investigaciones Jurídicas. Facultad de Derecho. Universidad de Costa Rica |9 11502 | ||
| 245 | |a Constituciones políticas modernas / |c Instituto de Investigaciones Jurídicas. Facultad de Derecho. Universidad de Costa Rica | ||
| 260 | |a Costa Rica: |b Universidad de Costa Rica |c 1979 | ||
| 300 | |a 286 páginas | ||
| 520 | |a El documento consiste en una compilación de diversas constituciones políticas, entre las que se encuentran la de Cuba, Alemania Occidental, Rusia, España y China Popular. | ||
| 650 | 0 | |9 5239 |a CONSTITUCION POLITICA | |
| 650 | 7 | |9 9444 |a REFORMAS CONSTITUCIONALES | |
| 650 | 0 | |9 3691 |a POLITICA | |
| 651 | 4 | |9 1846 |a CUBA | |
| 651 | 0 | |9 5222 |a ALEMANIA | |
| 651 | 0 | |9 374 |a RUSIA | |
| 651 | 0 | |9 90 |a ESPAÑA | |
| 651 | 0 | |9 5224 |a CHINA | |
| 942 | |2 ddc |c LI |h 04.03.01 R763c |i 07363 |6 040301_R763C_07363 | ||
| 999 | |c 1363 |d 1363 | ||
